| 000 | 00377nam a2200133Ia 4500 | ||
|---|---|---|---|
| 008 | 220217s9999||||xx |||||||||||||| ||und|| | ||
| 020 | _a9971-51-391-9 | ||
| 082 | _a004.22 DEN | ||
| 100 |
_aDennis, Alan Wixom, Barbara Haley _92890 |
||
| 245 | 0 | _aSystems analysis and design | |
| 260 |
_aJohn wiley _bNew York _c2002 |
||
| 300 |
_b _6.50 |
||
| 650 | _aCOMPUTER ARCHITECTURE | ||
| 999 |
_c170211 _d170211 |
||